La Constitución y su interpretación por el Poder Judicial de la Federación 2005 /

Guardado en:
Bibliografiske detaljer
Institution som forfatter: México
Andre forfattere: Azuela Güitrón, Mariano (presentación) (presentación), Luna Ramos, Margarita Beatriz (presentación) (presentación), Sánchez Cordero de García Villegas, Olga (presentación) (presentación)
Format: Electronisk
Sprog:spansk
Udgivet: México : Suprema Corte de Justicia de la Nación, 2005, c2005
Udgivelse:Nueva ed.
Fag:
Tags: Tilføj Tag
Ingen Tags, Vær først til at tagge denne postø!

MARC

LEADER 00000nmm^a2200000^a^4500
001 000183889
005 20250521000000.0
009 20260310102054.962
020 |a 970-712-515-2 
037 |a Acervo ITESO - Biblioteca 
041 |a ESP 
082 |a 342. 7203  |b MEX SCJN 2005 
110 |a México 
240 1 1 |a [Constitución. 1917] 
240 1 4 |a [La Constitución y su interpretación por el Poder Judicial de la Federación] 
245 1 3 |a La Constitución y su interpretación por el Poder Judicial de la Federación 2005 /  |c Presen. de M. Azuela Güitrón, M.B. Luna Ramos, O. Sánchez Cordero de García Villegas. 
250 |a Nueva ed. 
264 4 |a México :  |b Suprema Corte de Justicia de la Nación,  |c 2005, c2005 
300 |a 1 disco compacto de computadora 
336 |a datos para computadora  |b cod  |2 rdacontenido 
337 |a computadora  |b c  |2 rdamedio 
338 |a disco de computadora  |b cd  |2 rdasoporte 
649 |a XX 
650 |a Constitución, 1917 -  |z México -  |x Tema Principal 
650 |a Justicia -  |x Administración -  |z México -  |x Historia 
650 |a Reforma Constitucional -  |z México -  |x Historia -  |y Siglo XX 
650 |a Reforma Jurídica -  |z México -  |x Historia -  |y Siglo XX 
650 |a Jurisprudencia -  |z México -  |x Historia -  |y Siglo XX 
650 |a Suprema Corte de Justicia de la Nación -  |z México -  |x Historia -  |y Siglo XX 
650 |a Poder Judicial -  |z México -  |x Historia -  |y Siglo XX 
650 |a Administración Pública -  |z México -  |x Historia -  |y Siglo XX 
650 |a Derecho -  |x Interpretación 
650 |a Derecho Constitucional -  |z México 
650 |a Derecho Público -  |z México 
700 |a Azuela Güitrón, Mariano  |e (presentación) 
700 |a Luna Ramos, Margarita Beatriz  |e (presentación) 
700 |a Sánchez Cordero de García Villegas, Olga  |e (presentación) 
910 |a Fondo General 
920 |a Electrónicos - Recursos en Disco 
905 |a 207 
901 |a 0500124436  |b IT2  |c SWB  |u 20250521 
901 |a 0500142754  |b IT2  |c SWB  |u 20250521 
902 |a https://opac.biblio.iteso.mx/vufind/Record/000183889